000 00664cam a2200229 4500
001 WB3543-01
008 000000n1999 000 0 eng u
035 _a(Sirsi) u101432
245 _aGreat site... lets get the bidding going
260 _c1999
490 _aAntiques Trade Gazette
_v6 November 1999, 32(1)
520 _aReviews eBay's website for fine art, antiques and rare collectables, www.ebaygreatcollections.com
590 _aWB
650 _aWEBSITES
650 _aINTERNET AUCTIONS
650 _aINTERNET
650 _aEBAY
650 _aFINE ART
650 _aArts and antiques
_96217
690 _aArts and antiques
_96217
942 _n0
999 _c60574
_d60574